<?xml version="1.0" encoding="UTF-8"?>
<record
    xmlns:xsi="http://www.w3.org/2001/XMLSchema-instance"
    xsi:schemaLocation="http://www.loc.gov/MARC21/slim http://www.loc.gov/standards/marcxml/schema/MARC21slim.xsd"
    xmlns="http://www.loc.gov/MARC21/slim">

  <leader>01178nkm a22002297a 4500</leader>
  <controlfield tag="001">85829</controlfield>
  <controlfield tag="005">20260429094905.0</controlfield>
  <controlfield tag="007">kh bo </controlfield>
  <controlfield tag="008">260421s1980    sp ||||| |||| 00| 0 spa d</controlfield>
  <datafield tag="040" ind1=" " ind2=" ">
    <subfield code="a">M-RABA</subfield>
    <subfield code="b">spa</subfield>
    <subfield code="c">M-RABA</subfield>
  </datafield>
  <datafield tag="245" ind1="0" ind2="1">
    <subfield code="a">[Estudio de dos cabezas masculinas</subfield>
    <subfield code="b">: de Jacob Jordaens]</subfield>
    <subfield code="h">[Material gr&#xE1;fico]</subfield>
  </datafield>
  <datafield tag="260" ind1=" " ind2=" ">
    <subfield code="c">[ca. 1980]</subfield>
  </datafield>
  <datafield tag="300" ind1=" " ind2=" ">
    <subfield code="a">1 fotograf&#xED;a</subfield>
    <subfield code="b">: impresi&#xF3;n fotomec&#xE1;nica</subfield>
    <subfield code="c">; 20 x 25 cm</subfield>
  </datafield>
  <datafield tag="500" ind1="0" ind2="0">
    <subfield code="a">Fotograf&#xED;a que representa el cuadro de "Estudio de dos cabezas masculinas" del pintor barroco flamenco Jacob Jordaens.</subfield>
  </datafield>
  <datafield tag="500" ind1="0" ind2="0">
    <subfield code="a">Nota manuscrita a l&#xE1;piz en el verso de la imagen: "Llega al Archivo entre los papeles de D. Luis Blanco Soler, entregados 27 junio 1988"</subfield>
  </datafield>
  <datafield tag="600" ind1="1" ind2="7">
    <subfield code="a">Jordaens, Jacob (</subfield>
    <subfield code="d">1593-1678)</subfield>
    <subfield code="9">959</subfield>
  </datafield>
  <datafield tag="655" ind1=" " ind2="7">
    <subfield code="a">Fotograf&#xED;as de obras de arte</subfield>
    <subfield code="9">75675</subfield>
  </datafield>
  <datafield tag="852" ind1=" " ind2=" ">
    <subfield code="j">Fot-730</subfield>
  </datafield>
  <datafield tag="856" ind1=" " ind2=" ">
    <subfield code="u">https://archivoybiblioteca.realacademiabellasartessanfernando.com/cgi-bin/koha/opac-retrieve-file.pl?id=2c68adb67b660b0bbedf0d40e700b4c8</subfield>
    <subfield code="y">Fot-730r</subfield>
  </datafield>
  <datafield tag="856" ind1=" " ind2=" ">
    <subfield code="u">https://archivoybiblioteca.realacademiabellasartessanfernando.com/cgi-bin/koha/opac-retrieve-file.pl?id=a6d6ac2a9c95069afcc571f6395186c4</subfield>
    <subfield code="y">Fot-730v</subfield>
  </datafield>
  <datafield tag="942" ind1=" " ind2=" ">
    <subfield code="c">FOTOGRAF&#xCD;A</subfield>
    <subfield code="n">0</subfield>
  </datafield>
  <datafield tag="952" ind1=" " ind2=" ">
    <subfield code="0">0</subfield>
    <subfield code="1">0</subfield>
    <subfield code="2">ddc</subfield>
    <subfield code="4">0</subfield>
    <subfield code="7">0</subfield>
    <subfield code="8">FOTOGRAFIA</subfield>
    <subfield code="a">RABASF</subfield>
    <subfield code="b">RABASF</subfield>
    <subfield code="c">DP2</subfield>
    <subfield code="d">2026-04-21</subfield>
    <subfield code="l">0</subfield>
    <subfield code="o">Fot-730</subfield>
    <subfield code="p">1097053</subfield>
    <subfield code="r">2026-04-21 11:19:08</subfield>
    <subfield code="w">2026-04-21</subfield>
    <subfield code="y">FOTOGRAF&#xCD;A</subfield>
  </datafield>
  <datafield tag="999" ind1=" " ind2=" ">
    <subfield code="c">85829</subfield>
    <subfield code="d">85829</subfield>
  </datafield>
</record>
